Grandma`s tales (Record no. 4092)

MARC details
000 -LEADER
fixed length control field 00534cam a2200205ua 4500
001 - CONTROL NUMBER
control field 4275
005 - DATE AND TIME OF LATEST TRANSACTION
control field 20260515113817.0
008 - FIXED-LENGTH DATA ELEMENTS--GENERAL INFORMATION
fixed length control field 111222n ii |||gr||||Z||||||eng
040 ## - CATALOGING SOURCE
Transcribing agency MAIN
082 ## - DEWEY DECIMAL CLASSIFICATION NUMBER
Classification number 891.4513
100 1# - MAIN ENTRY--PERSONAL NAME
Personal name Bezbaroa, Lakshminath,
245 11 - TITLE STATEMENT
Title Grandma`s tales
Statement of responsibility, etc. by Lakshminath Bezbaroa
250 ## - EDITION STATEMENT
Edition statement 1st.
260 ## - PUBLICATION, DISTRIBUTION, ETC.
Place of publication, distribution, etc. Guwahati:
Name of publisher, distributor, etc. Hornbill Publications,
Date of publication, distribution, etc. 2006.
300 ## - PHYSICAL DESCRIPTION
Extent 147p:
Dimensions 25cm.
653 ## - INDEX TERM--UNCONTROLLED
Uncontrolled term Assamese Short stories
653 ## - INDEX TERM--UNCONTROLLED
Uncontrolled term Grandma`s tales
700 1# - ADDED ENTRY--PERSONAL NAME
Personal name Barua, Pallavi,
Relator term Tranlator.,
942 ## - ADDED ENTRY ELEMENTS (KOHA)
Koha item type Books
Holdings
Withdrawn status Lost status Damaged status Not for loan Home library Current library Shelving location Date acquired Total checkouts Full call number Barcode Date last seen Date last checked out Copy number Price effective from Koha item type
        Naharkatiya College Library Naharkatiya College Library General stacks 09/19/2020 1 891.4513 | BAR 17426 11/16/2024 10/25/2024 1 09/19/2020 Books